zpět

Detail výsledku týmu

Sport centrum Baťov, Otrokovice

Datum a čas kvízu

34 Celkem bodů Celkový počet nahraných bodů na tomto kvízu bez doplňovacích otázek.
2. Pořadí na kvízu Konečné umístění týmu na tomto kvízu.

Zaznamenané odpovědi

# Otázka Odpověď Body Výsledky
1. Na prvního Máje se konal jubil... za porušení nočního klidu 0
2. Banksy minulý týden nainstalov... vlajku/prapor 0
3. Která herečka oznámila, že se... Nicole Kidman 0
4. V arménském hlavním městě Jere... o osla 1
5. Hokejisté klubu Dynamo Pardubi... Roman Červenka 1
6. Ve filmu Sedm sledujeme detekt... obžerství 1
7. Tato fotka je známým interneto... Americké psycho 1
8. Karel Kopfrkingl, zaměstnanec... (tibetský) buddhismus 0
9. Přiřaďte zločince k jejich fil... 1B 2A 3D 4C 0
10. Mladý syn se poprvé přímo zapo... Kmotr, Mario Puzo 0.5